| 000 | 01066nam a2200277 i 4500 | ||
|---|---|---|---|
| 001 | bg | ||
| 245 | 0 | 0 |
_aPolityka regionalna : _bglosariusz / _c[oprac. wersji pol. Jolanta Falkenberg, Anna Gałkiewicz] ; Urząd Komitetu Integracji Europejskiej. Departament Tłumaczeń. |
| 246 |
_iTyt. oryg.: _aPolitique régionale |
||
| 260 |
_aWarszawa : _bUKIE, _ccop. 2001. |
||
| 300 |
_a406, [1] s. ; _c20 cm. |
||
| 500 | _aTyt. oryg.: "Politique régionale" 1997. Na okł. podtyt.: angielski, francuski, niemiecki, polski. - Tekst równol. ang., fr., niem., pol. | ||
| 504 | _aIndeksy. | ||
| 650 | 9 |
_aRegionalizacja gospodarcza _xpolityka |
|
| 650 | 9 | _aSłownik wielojęzyczny | |
| 655 | _aSłowniki | ||
| 700 | 1 |
_aFALKENBERG, Jolanta. _eOprac. |
|
| 700 | 1 |
_aGAŁKIEWICZ, Anna. _eOprac. |
|
| 710 | 0 |
_aUrząd Komitetu Integracji Europejskiej _bDepartament Tłumaczeń |
|
| 020 | _a838791374X | ||
| 040 | _cBPK | ||
| 041 | 1 |
_aengfregerpol _hfre |
|
| 080 | _a332.14(038)=00 | ||
| 920 | _a83-87913-74-X | ||
| 942 | _cKS | ||
| 008 | s pl f |000 0 pol | ||
| 999 |
_c42600 _d42600 |
||
| 856 |
_uhttp://koha.tu.koszalin.pl/cgi-bin/koha/opac-detail.pl?biblionumber=42600 _yKatalog online BPK |
||